LEADER 01181nam a2200229 4500 001 000000342051 003 CaOOAMICUS 005 20200918144831.0 008 200915s1643 it a 000 u lat r 040 $aSeMil$bita 100 1 $aSeneca, Lucius Anneus,$d<4 a.C.-65 d.C.>.$0(OLS)http://semarc/name/764 245 10$aL. Annaei Senecae philosophi Opera tribus tomis distincta. Tomus 1. [-3.]. 264 1$aVenetiis :$bApud Franciscum Baba,$c1643$e(Venetiis :$fapud Franciscum Baba,$g1643) 300 $a3 v. ;$c12° 500 $aIniziali e testatine xilogr. 500 $aPosseduto solo il vol. 2 650 4$aSeneca, Lucio Anneo <4 a.C.-65 d.C.> - Opere.$0(OLS)http://semarc/subject/4173 700 1 $aBaba, Francesco,$c.$0(OLS)http://semarc/name/13745 774 0 $aSeneca, Lucius Anneus <4 a.C.-65 d.C.>$tTom. 2. continens Epistolas.$dVenetiis : Apud Franciscum Baba, 1643 (Venetiis : apud Franciscum Baba, 1643)$w()342052 996 $6245$aL. Annaei Senecae philosophi Opera tribus tomis distincta. Tomus 1. [-3.]$9(OLS)http://semarc/title/430933 996 $6264$aVenetiis :$bApud Franciscum Baba$9(OLS)http://semarc/publisher/38341 LEADER 01530nam a2200301 i 4500 001 000000118183 003 CaOOAMICUS 005 20030923000000.0 008 030923s1995 it u000 u ita u 013 $a90876 020 $a88-7962-058-4 040 $aSeMil$bita 100 1 $aLambert, Malcolm D.$0(OLS)http://semarc/name/49329 240 10$aFranciscan poverty. The doctrine of the absolute poverty of Christ and the Apostles in the Franciscan Order 1210-1323.$0(OLS)http://semarc/title/173604 245 10$aPovertà francescana :$bla dottrina dell'assoluta povertà di Cristo e degli apostoli nell'ordine francescano (1210-1323) /$cMalcolm D. Lambert. 260 $aMilano :$bEdizioni Biblioteca Francescana,$ccopyr. 1995. 300 $a276 p. ;$c24 cm. 490 0 $aFonti e ricerche ;$v8 500 $aContiene : Bibliografia. - Fondo Card. C.M. Martini. 650 4$aFrancescani - Povertà - 1210-1323.$0(OLS)http://semarc/subject/21994 830 0$aFonti e ricerche ;$v8.$0(OLS)http://semarc/title/12385 850 $aSeMil 852 $aSeMil$W1$xVenegono$y1$m3D IV 8$j73504$B73504$CSeMilBibl$Z2$F101193 $81 941 1 $a4 961 $aOmaggio: Martini Card. Carlo Maria 996 $6020$a88-7962-058-4$9(OLS)http://semarc/number/102741 996 $6245$aPovertà francescana :$bla dottrina dell'assoluta povertà di Cristo e degli apostoli nell'ordine francescano (1210-1323)$9(OLS)http://semarc/title/173603 996 $6260$aMilano :$bEdizioni Biblioteca Francescana$9(OLS)http://semarc/publisher/29947